Pays, eaux, rivières et mers bordant la mer du Nord - Statistiques

Statistiques générales
  • Ce quiz a été pris 42 fois
  • Le résultat moyen est 9 sur 22
Statistiques - réponses
Hint Réponse % Correct
Allemagne
93%
Pays Belgique
93%
Danemark
93%
France
93%
Pays-Bas
90%
Norvège
88%
Angleterre
76%
Écosse
56%
Rhin
56%
Meuse
44%
Escaut
29%
Rivières Elbe
29%
Eaux et mers Océan Atlantique
29%
Tamise
22%
Océan Arctique
12%
Ems
5%
Pas de Calais
5%
Skägerrak
5%
Humber
2%
Kattégat
2%
Mer des Wadden
2%
Weser
2%
Aucun quiz correspondant
Distribution des résultats
% des personnes avec chaque résultat
Percentile par nombre de réponses
Votre historique - résultats
Vous n’avez pas pris ce quiz